| 000 | 00993nam a22002777a 4500 | ||
|---|---|---|---|
| 001 | BR8305994 | ||
| 003 | BR-BrBNA | ||
| 005 | 20230928091821.0 | ||
| 007 | ta | ||
| 008 | 230509b bl.||||| |||| 00| 0 por d | ||
| 040 |
_aBR-BrBNA _bpor _cBiblioteca Nacional de Agricultura |
||
| 041 | _a(Por) | ||
| 072 |
_aE12; E50 _b/G514 |
||
| 090 | _ E12 BR8305994 | ||
| 100 | 1 | _aFialho, I.P.M. (ed.) | |
| 110 | 1 | _aUniversidade Federal de Vicosa, MG (Brasil). Depto. de Economia Rural | |
| 245 | 1 | _aIdentificacao da necessidade de treinamento de mao-de-obra rural na regiao geoeconomica de Brasilia. Relatorio da 2. parte da pesquisa; identificacao qualitativa da clientela para treinamento de mao-de-obra rural, por produto e por municipio prioritario. v. 1 | |
| 260 | 3 |
_aVicosa, MG (Brasil): _c1983. |
|
| 300 | _a393 p. | ||
| 650 | _aMAO-DE-OBRA | ||
| 650 | _aSOCIOLOGIA RURAL | ||
| 650 | _aTRABALHO | ||
| 650 | _aTRABALHADOR RURAL | ||
| 909 |
_a202309 _bLucia _c55 _dLucia Elande |
||
| 942 | _cBK | ||
| 999 |
_c35676 _d35676 |
||